Differential equations : (Record no. 17495)

MARC details
000 -LEADER
fixed length control field 01311nam a2200349 i 4500
001 - CONTROL NUMBER
control field 016063028
003 - CONTROL NUMBER IDENTIFIER
control field EG-ScBUE
005 - DATE AND TIME OF LATEST TRANSACTION
control field 20241010132945.0
008 - FIXED-LENGTH DATA ELEMENTS--GENERAL INFORMATION
fixed length control field 120327t2013 au a f 001 0 eng d
020 ## - INTERNATIONAL STANDARD BOOK NUMBER
International Standard Book Number 9781133492467 (pbk.) :
020 ## - INTERNATIONAL STANDARD BOOK NUMBER
International Standard Book Number 1133492460 (pbk.) :
040 ## - CATALOGING SOURCE
Original cataloging agency EG-ScBUE
Language of cataloging eng
Description conventions rda
Transcribing agency EG-ScBUE
Modifying agency EG-ScBUE
082 04 - DEWEY DECIMAL CLASSIFICATION NUMBER
Classification number 515.35
Edition number 23
Item number ZIL
100 1# - MAIN ENTRY--PERSONAL NAME
Personal name Zill, Dennis G.,
Dates associated with a name 1940-
Relator term author.
9 (RLIN) 33403
245 10 - TITLE STATEMENT
Title Differential equations :
Remainder of title with boundary-value problems /
Statement of responsibility, etc Dennis G. Zill, Loyola Marymount University, Warren S. Wright, Loyola Marymount University, Michael R. Cullen, Late of Loyola Marymount University.
250 ## - EDITION STATEMENT
Edition statement Eighth edition.
250 ## - EDITION STATEMENT
Edition statement International edition.
264 #1 - PUBLICATION, DISTRIBUTION, ETC. (IMPRINT)
Place of publication, distribution, etc New Zealand :
Name of publisher, distributor, etc Brooks/Cole, Cengage Learning,
Date of publication, distribution, etc [2013]
264 #4 - PUBLICATION, DISTRIBUTION, ETC. (IMPRINT)
Date of publication, distribution, etc c2013
300 ## - PHYSICAL DESCRIPTION
Extent 1 volume (various pagings) :
Other physical details color illustrations ;
Dimensions 28 cm
336 ## - CONTENT TYPE
Source rdacontent
Content type term text
Content type code txt
337 ## - MEDIA TYPE
Media type term unmediated
Source rdamedia
Media type code n
338 ## - CARRIER TYPE
Carrier type term volume
Carrier type code nc
Source rdacarrier
500 ## - GENERAL NOTE
General note Includes index.
650 #7 - SUBJECT ADDED ENTRY--TOPICAL TERM
Topical term or geographic name as entry element Differential equations.
Source of heading or term BUEsh
9 (RLIN) 33404
650 #7 - SUBJECT ADDED ENTRY--TOPICAL TERM
Topical term or geographic name as entry element Boundary value problems.
Source of heading or term color illustrations
9 (RLIN) 33405
653 ## - INDEX TERM--UNCONTROLLED
Arrived date list June2013
655 ## - INDEX TERM--GENRE/FORM
Form subdivision Reading book
700 1# - ADDED ENTRY--PERSONAL NAME
Personal name Cullen, Michael R.,
Relator term author.
9 (RLIN) 33407
700 1# - ADDED ENTRY--PERSONAL NAME
9 (RLIN) 33406
Personal name Wright, Warren S.,
Relator term author.
942 ## - ADDED ENTRY ELEMENTS (KOHA)
Source of classification or shelving scheme Dewey Decimal Classification
Koha item type Book - Borrowing
Holdings
Withdrawn status Lost status Source of classification or shelving scheme Damaged status Not for loan Collection code Home library Current library Shelving location Date acquired Source of acquisition Cost, normal purchase price Serial Enumeration / chronology Total Checkouts Full call number Barcode Date last seen Cost, replacement price Price effective from Koha item type
    Dewey Decimal Classification     Baccah Central Library Central Library First floor 20/06/2013 Purchase 550.00 17929   515.35 ZIL 000028772 15/07/2025 688.00 20/06/2013 Book - Borrowing
    Dewey Decimal Classification     Baccah Central Library Central Library First floor 20/06/2013 Purchase 550.00 17929   515.35 ZIL 000028773 15/07/2025 688.00 20/06/2013 Book - Borrowing